Bruno el rezongón
Sparad:
| Huvudupphovsman: | |
|---|---|
| Materialtyp: | Bok |
| Språk: | spanska |
| Publicerad: |
Ciudad de México
Fondo de Cultura Económica
1993
|
| Upplaga: | 1a. ed |
| Serie: | A la Orilla del Viento
|
| Ämnen: | |
| Taggar: |
Lägg till en tagg
Inga taggar, Lägg till första taggen!
|
MARC
| LEADER | 00000nam a2200000 a 4500 | ||
|---|---|---|---|
| 001 | UCG4914 | ||
| 003 | CL-VaPUC | ||
| 005 | 20250410121311.0 | ||
| 008 | 101216e19930000MX |||||||||||||||||spa|d | ||
| 999 | |c 343514 |d 343512 | ||
| 020 | |a 9789681641280 | ||
| 040 | |c Pontificia Universidad Católica de Valparaíso | ||
| 082 | 0 | 4 | |a 808.0683 |b MEN |2 21 |
| 100 | |a Mensing, Katja von |e autora |9 554410 | ||
| 245 | 1 | 0 | |a Bruno el rezongón |
| 250 | |a 1a. ed | ||
| 260 | |a Ciudad de México |b Fondo de Cultura Económica |c 1993 | ||
| 300 | |a 32 p | ||
| 490 | 0 | |a A la Orilla del Viento | |
| 583 | |a last modification |c 20101216 00:00:00 |k Rodrigo Vera | ||
| 650 | 0 | |a Literatura infantil alemana |9 307465 |x Cuentos | |
| 942 | |c BK |2 ddc | ||
| 945 | |d 20101216 00:00:00 |a cmena | ||
| 952 | |0 0 |1 0 |4 0 |6 808_068300000000000_MEN_1993 |7 0 |8 A |9 440854 |a BIBEDU |b BIBEDU |d 2019-11-22 |i 4743539 |l 3 |o 808.0683 MEN 1993 |p 4743539 |r 2024-04-04 |s 2024-04-01 |w 2019-11-22 |y BK |k EPE | ||